Armes de Critical Ops - Statistiques

Statistiques générales
  • Ce quiz a été pris 23 fois
  • Le résultat moyen est 22 sur 30
Statistiques - réponses
Indice Equipe Coût Arme % Correct
Fusil d'assaut The Breach $2500 AK-47
90%
Fusil d'assaut Coalition $3900 AUG
90%
Pistolet The Breach $500 DUAL MTX
90%
Grenade Coalition/The Breach $300 FLASHBANG
90%
Grenade Coalition/The Breach $500 FRAG
90%
Fusil de précision The Breach $3300 M14
90%
Mitraillette Coalition $1200 MP5
90%
Grenade Coalition/The Breach $300 SMOKE
90%
Fusil de précision Coalition/The Breach $4500 URATIO
90%
Fusil d'assaut Coalition $2300 M4
80%
Mitraillette Coalition/The Breach $1400 MP7
80%
Pistolet The Breach $300 P250
80%
Mitraillette Coalition $1700 P90
80%
Fusil à pompe Coalition/The Breach $2000 SUPER90
80%
Mitraillette The Breach $1900 VECTOR
80%
Pistolet Coalition $300 XD.45
80%
Pistolet Coalition $700 DEAGLE
70%
Fusil à pompe Coalition $1100 FP6
70%
Fusil à pompe Coalition/The Breach $2600 KSG
70%
Fusil d'assaut Coalition/The Breach $3700 SCAR-H
70%
Fusil d'assaut Coalition/The Breach $2400 AR-15
60%
Mitraillette The Breach $1000 MPX
60%
Pistolet Coalition/The Breach $700 MR96
60%
Fusil d'assaut Coalition/The Breach $2000 SA58
60%
Fusil d'assaut The Breach $3800 SG551
60%
Fusil de précision Coalition/The Breach $2700 TRG22
60%
Pistolet Coalition $500 GSR1911
50%
Fusil d'assaut Coalition/The Breach $4000 HK417
50%
Fusil de précision Coalition $3500 SVD
50%
Fusil à pompe The Breach $1200 M1887
40%
Aucun quiz correspondant
Distribution des résultats
% des personnes avec chaque résultat
Percentile par nombre de réponses
Votre historique - résultats
Vous n’avez pas pris ce quiz